Zakat : konsep, praktikal & kaedah pengiraan

Bibliographic Details
Main Author: Abdul Razak Abdul Talib , 1985-
Other Authors: Mohamad Noor Sahidi Johari
Format: Book
Published: Batu Caves : Must Read Sdn Bhd , 2015
Subjects:

MARC

LEADER 00000cam a2200000 7i4500
001 0000200080
005 20160104.0
020 |a 9789670716411 
090 0 0 |a 297.54   |b ABD 
100 0 |a Abdul Razak Abdul Talib ,   |d 1985- 
245 1 0 |a Zakat :   |b konsep, praktikal & kaedah pengiraan   |c Abdul Razak Abdul Talib, Mohamad Noor Sahidi Johari 
260 |a Batu Caves :   |b Must Read Sdn Bhd ,   |c 2015 
300 |a 136p. ;   |c 22cm. 
650 0 |a Islam   |x Charities 
650 0 |a Zakat 
700 0 |a Mohamad Noor Sahidi Johari 
999 |a 00315071   |b BUKU   |c PINJAMAN   |e PERPUSTAKAAN KOMUNITI PETALING JAYA 
999 |a 00315072   |b BUKU   |c PINJAMAN   |e PERPUSTAKAAN KOMUNITI CAW KOTA DAMANSARA